000 00658cam a22002531 4500
001 sa 68005066
003 DLC
005 20260227112506.0
008 890403s1967 xx 000 0 urdo
010 _asa 68005066
035 _a(OCoLC)23561122
040 _aDLC
_cMiU
_dDLC
042 _apremarc
043 _aa-ii---
_aa-pk---
050 0 0 _aDS480.45
_b.K49
100 1 _aK̲h̲alīlullāh, Muḥammad,
_d1931-
245 1 0 _aTaḥrīk-i Pākistān.
260 _c[1967]
300 _a552 p.
_c22 cm.
500 _aRomanized.
650 0 _aMuslims
_zIndia
651 0 _aIndia
_xPolitics and government
_y20th century
651 0 _aPakistan
_xHistory
999 _c80507
_d80507